Mezinárodní politika mezinárodní vztahy a nové technologie

Na minha lista:
Detalhes bibliográficos
Formato: Periódico
Idioma:tcheco
Publicado em: Praha Ústav mezinárodních vztahů 2022
Tags: Adicionar Tag
Sem tags, seja o primeiro a adicionar uma tag!

MARC

LEADER 00000nas2a2200000 4500
001 0288014
005 20220930113232.9
022 |a 0543-7962 
041 0 |a cze 
044 |a CZ 
245 1 0 |a Mezinárodní politika  |b mezinárodní vztahy a nové technologie 
264 1 |a Praha  |b Ústav mezinárodních vztahů  |c 2022 
773 0 |w eu_un_cat*s120058